Mistakes on repeat mode: Pakistan’s civil–military debacle (Record no. 519970)

000 -LEADER
fixed length control field 01689nam a22001577a 4500
008 - FIXED-LENGTH DATA ELEMENTS--GENERAL INFORMATION
fixed length control field 220520b ||||| |||| 00| 0 eng d
100 ## - MAIN ENTRY--PERSONAL NAME
Personal name Jain, Karnika
245 ## - TITLE STATEMENT
Title Mistakes on repeat mode: Pakistan’s civil–military debacle
260 ## - PUBLICATION, DISTRIBUTION, ETC. (IMPRINT)
Place of publication, distribution, etc Journal of Defence Studies
300 ## - PHYSICAL DESCRIPTION
Extent 15(4), Oct-Dec, 2021: p. 321-342
520 ## - SUMMARY, ETC.
Summary, etc The military has been an integral part of Pakistan’s survival since the formation of that nation state. The idea of the country was based on a united Islamic religion, but series of events dampened the nation’s integrity. In the absence of robust political institutions to promote democracy, the bureaucratic and military apparatus made inroads into polity and expanded their role as dominant powerful elite in the initial years after independence. However, the military could not restore peace and stability required to uphold a nation state and in turn became the cause for the division of Pakistan in 1971. Using a multidimensional approach from the economic, political, cultural and societal backgrounds, this article delves into the analysis of the predominant role of the Pakistani military that formed the corresponding civil-military relations of the country up to 1971. The article also presents a case study of Balochistan province of Pakistan as an end observation that the country hasn’t learnt lessons from the partition of 1971 and still chooses to confront the crisis within the civil-military relations. – Reproduced
650 ## - SUBJECT ADDED ENTRY--TOPICAL TERM
Topical term or geographic name as entry element Civil-military relations, East Pakistan, 1971 war, Balochistan, Institutional imbalance.
9 (RLIN) 31361
773 ## - HOST ITEM ENTRY
Main entry heading Journal of Defence Studies
906 ## - LOCAL DATA ELEMENT F, LDF (RLIN)
Subject DIP PAKISTAN - HISTORY
942 ## - ADDED ENTRY ELEMENTS (KOHA)
Item type Articles
Holdings
Withdrawn status Lost status Source of classification or shelving scheme Damaged status Not for loan Permanent location Current location Date acquired Serial Enumeration / chronology Barcode Date last seen Koha item type
          Indian Institute of Public Administration Indian Institute of Public Administration 2022-05-20 15(4), Oct-Dec, 2021: p. 321-342 AR126717 2022-05-20 Articles

Powered by Koha